• 首页
  • 本馆介绍
  • 公告通知
  • 最新文献
  • 馆藏检索
  • 电子资源
  • 读者导购
  • 参考咨询
  • 我的图书馆
  • 登录
  • 详细信息显示
  • 放入我的书架
  • 预约/预借图书
  • 作者相关作品
  • 分类相关作品
  • 丛书相关作品
  • 出版社相关作品

书目信息

  • 表格格式
  • 工作单格式
  • 卡片格式
题名:
黄瓜嫁接栽培技术问答
    
 
作者: 张同臣
分册:  
出版信息: 北京   中国农业出版社  1998.03
页数: 102页
开本: 19cm
丛书名:
单 册:
中图分类: S642.2
科图分类:
主题词: 园艺
电子资源:
ISBN: 7-109-04046-1
000 00541nam0 2200193 45
001 0308271050
005 20030827105715.6
010    @a7-109-04046-1@dRMB5.00
100    @a20030827d1998 km y0chiy0120 ea
101    @achi
105    @a z 000yy
200 1  @a黄瓜嫁接栽培技术问答@Ahuang gua jia jie zai pei ji shu wen da@f张同臣@Fzhang tong chen
210    @a北京@c中国农业出版社@d1998.03
215    @a102页@c无图表@d19cm
606 0  @a园艺
690    @aS642.2@v3
701  0 @a张同臣
801    @aCN@b@c20030827
905    @aBZT@dS642.2@e121
    
    黄瓜嫁接栽培技术问答/张同臣.-北京:中国农业出版社,1998.03
    102页:无图表;19cm
    
    
    ISBN 7-109-04046-1:RMB5.00
    
●
相关链接 在五车中查询图书 在当当中查询图书 在豆瓣中查询图书


正题名:黄瓜嫁接栽培技术问答     索取号:S642.2/121         预约/预借

序号 登录号 条形码 馆藏地/架位号 状态 备注
1 100204   200025613   中心书库中库/ 中库032架B面6列1层33/ [索取号:S642.2/121] 在馆    
2 100205   200025622   中心书库中库/ 中库032架B面8列3层27/ [索取号:S642.2/121] 在馆    
3 100206   200025588   中心书库中库/ 中库032架B面8列3层28/ [索取号:S642.2/121] 在馆    
4 100207   200025597   中心书库中库/ 中库032架B面8列3层29/ [索取号:S642.2/121] 在馆    
5 100208   200025604   中心书库中库/ 中库032架B面8列3层30/ [索取号:S642.2/121] 在馆    
6 100209   200025560   中心书库中库/ 中库032架B面8列3层31/ [索取号:S642.2/121] 在馆    
7 100210   200025579   中心书库中库/ 中库032架B面8列3层32/ [索取号:S642.2/121] 在馆    
8 100213   200025551   中心书库中库/ 中库032架B面8列3层33/ [索取号:S642.2/121] 在馆    
山东省滨州职业学院图书馆 欢迎您!
大连网信软件有限公司© 版权所有